00546nam a2200181 a 45000010010000000030011000100080041000210350026000620820016000881000025001042450020001292600059001496500019002089420012002279520090002399980020003299990015003490000-8506ELIB.Books110520 1982  a(ELIB.Books)0000-8651 a277.3 bBra aBrackney, William H. aThe Travel Book bU.S.A: The American baptist Publication Society c1982 aChurch History 2ddccBK 00102ddc4070aKBTSbKBTSd2011-05-20l0p8692r2022-01-22 00:00:00w2022-01-22yBK cbate2011-05-20 c8506d8506